Normal view
MARC view
- Menon, Premachandran R
Entry Personal Name
001 - CONTROL NUMBER
- control field: 104194
003 - CONTROL NUMBER IDENTIFIER
- control field: NUST
005 - DATE AND TIME OF LATEST TRANSACTION
- control field: 20221206104334.0
008 - FIXED-LENGTH DATA ELEMENTS
- fixed length control field: 221206|| aca||aabn | a|a d
040 ## - CATALOGING SOURCE
- Original cataloging agency: NUST
- Transcribing agency: NUST
100 ## - HEADING--PERSONAL NAME
- Personal name: Menon, Premachandran R
670 ## - SOURCE DATA FOUND
- Source citation: Work cat.: (NUST)182428: Friedman, Arthur D. 104193, Theory & design of switching circuits /, [1975]
